Central Library OPAC University of Rajshahi

Nerd Khial /نیرنگ خیال (Record no. 77238)

MARC details
000 -LEADER
fixed length control field 00692nam a22002297a 4500
001 - CONTROL NUMBER
control field 77238
003 - CONTROL NUMBER IDENTIFIER
rucl marc code BD-RjUL
005 - DATE AND TIME OF LATEST TRANSACTION
control field 20240320101447.0
008 - FIXED-LENGTH DATA ELEMENTS--GENERAL INFORMATION
fixed length control field 240320s1930 p ||||| |||| 00| 0 urd d
020 ## - INTERNATIONAL STANDARD BOOK NUMBER
Terms of availability : 12.00
035 ## - SYSTEM CONTROL NUMBER
System control number (BD-RjUL)77463
040 ## - CATALOGING SOURCE
Original cataloging agency BD-RjUL
Language of cataloging eng
Transcribing agency BD-RjUL
041 ## - LANGUAGE CODE
Language code of text/sound track or separate title urd
082 ## - DEWEY DECIMAL CLASSIFICATION NUMBER
Edition number 23
Classification number 891.439
Author mark and year AZN 1930
100 ## - MAIN ENTRY--PERSONAL NAME
Personal name اراد, محمد حسسیین = Arad, Mohammad Hussein
9 (RLIN) 240429
245 ## - TITLE STATEMENT
Title Nerd Khial /نیرنگ خیال
Statement of responsibility, etc. /Mohammad Hussein Azad = محمد حسسیین ازاد
260 ## - PUBLICATION, DISTRIBUTION, ETC. (IMPRINT)
Place of publication, distribution, etc. Dhaka :
Name of publisher, distributor, etc. Malek Azad Book ,
Date of publication, distribution, etc. 1930
300 ## - PHYSICAL DESCRIPTION
Pagination V. ;
Size 19 cm
505 ## - FORMATTED CONTENTS NOTE
Formatted contents note Vol.1.----V.2.---
650 ## - SUBJECT ADDED ENTRY--TOPICAL TERM
Topical term or geographic name as entry element Urdu Literature
9 (RLIN) 240431
942 ## - ADDED ENTRY ELEMENTS (KOHA)
Source of classification or shelving scheme Dewey Decimal Classification
Koha item type Books
Holdings
Lost status Source of classification or shelving scheme Damaged status Not for loan Collection code Permanent Location Current Location Shelving location Date acquired Source of acquisition Cost, normal purchase price Total Checkouts Full call number Date last seen Date checked out Copy number Koha item type
  Dewey Decimal Classification     Non-fiction Central Library, University of Rajshahi Central Library, University of Rajshahi   17/05/1968 Kegan paul 0.00 1 U 891.439 AZN 193? V-1 16/03/2020 05/03/2020 C-2 Books
  Dewey Decimal Classification     Non-fiction Central Library, University of Rajshahi Central Library, University of Rajshahi General Stacks 20/03/2024       U 891.439 AZN V-2 1930 20/03/2024   C-2 Books
  Dewey Decimal Classification     Non-fiction Central Library, University of Rajshahi Central Library, University of Rajshahi General Stacks 20/03/2024       U 891.439 AZN V-1 1930 20/03/2024   C-2 Books
  Dewey Decimal Classification     Non-fiction Central Library, University of Rajshahi Central Library, University of Rajshahi General Stacks 17/05/1968 Kegan poul 18.00   U 891.439 AZN V-1 1930 20/03/2024   C-3 Books
  Dewey Decimal Classification     Non-fiction Central Library, University of Rajshahi Central Library, University of Rajshahi General Stacks 17/05/1968 Kegan poul 18.00   U 891.439 AZN V-1 1930 20/03/2024   C-4 Books
  Dewey Decimal Classification     Non-fiction Central Library, University of Rajshahi Central Library, University of Rajshahi General Stacks 17/05/1968 Kegan poul 18.00   U 891.439 AZN V-1 1930 20/03/2024   C-5 Books
  Dewey Decimal Classification   Not For Loan Non-fiction Central Library, University of Rajshahi Central Library, University of Rajshahi Reading Room 17/05/1968 Kegan poul 18.00   U 891.439 AZN V-2 1930 20/03/2024   C-1 Books
  Dewey Decimal Classification     Non-fiction Central Library, University of Rajshahi Central Library, University of Rajshahi General Stacks 17/05/1968 Kegan poul 18.00   U 891.439 AZN V-2 1930 20/03/2024   C-4 Books
  Dewey Decimal Classification     Non-fiction Central Library, University of Rajshahi Central Library, University of Rajshahi General Stacks 17/05/1968 Kegan poul 18.00   U 891.439 AZN V-2 1930 20/03/2024   C-3 Books
  Dewey Decimal Classification     Non-fiction Central Library, University of Rajshahi Central Library, University of Rajshahi General Stacks 17/05/1968 Kegan poul 18.00   U 891.439 AZN V-2 1930 20/03/2024   C-2 Books